Statistics for Marvel Picture Decoder

Click here to take the quiz!

General Stats

  • This quiz has been taken 107 times
    (105 since last reset)
  • The average score is 15 of 17

Answer Stats

LetterClueAnswer% Correct
ACharacterAnt-Man
96%
EMovieEndgame
96%
GFranchiseGuardians of the Galaxy
96%
VCharacterVision
95%
AKingdomAsgard
94%
LWriterStan Lee
94%
NCityNew York City
93%
SAgencyS.H.I.E.L.D.
93%
SUniverseSpider-Verse
91%
BCharacterBlack Widow
90%
EActorChris Evans
89%
RCharacterRed Skull
88%
SActorSebastian Stan
85%
EMovieEternals
83%
ECharacterElektra
70%
MActorIan McKellen
60%
Quote:Avengers,
assemble!
59%

Score Distribution

Percentile by Number Answered

Percent of People with Each Score

Your Score History

You have not taken this quiz since the last reset